000 00670nam a2200181 u 4500
001 000020577
005 20200930011129.0
008 100810s dr r 000 spa d
040 _aDO-SdBNP
_bspa
_cBNPHU
090 _axxx
_bS157c
100 1 _aSilvestre, Andrea
_943302
245 1 0 _aCuando moras bajo sus alas. /
_cAndrea Silvestre ; Héctor Díaz, idea y diseño de portada ; Norquis Castillo y Randy Sánchez, digitadores.
260 _a[s.l] :
_b[s.n],
_c[20--].
300 _a92 p. ;
_c22 cm.
590 _aInventariado, 2020 / DG
700 _aDíaz, Héctor
_eIdea y diseño de portada
_943303
700 _aCastillo, Norquis, Sánchez, Randy
_eDigitadores
_943304
999 _c20081
_d20081